00469nam a2200181Ia 4500008004100000020001800041245002900059245005600088260001500144260001600159260000900175300001600184300002000200300001000220440004200230440000700272500000800279170705s9999 xx 000 0 und d a9780545108584 aDragon of the red dawn / cby Mary Pope Osborne ; illustrated by Sal Murdocca. aNew York : bScholastic, c2007 a108 pages : billustrations ; c19cm. aMagic tree house : a merlin mission ; v37 a580